|
|
|
|
| LEADER |
00000nab a22000001a 4500 |
| 001 |
vtls010309355 |
| 003 |
SK-MaSNL |
| 005 |
20260303091523.0 |
| 008 |
110907d19340704xo |r|p|||| |000 b|slo |
| 015 |
|
|
|a SNBRRBVU1918-1938
|
| 038 |
|
|
|a SNKBUCL
|
| 040 |
|
|
|a SNKBUVU
|b slo
|c SNKBUCL
|e AACR2
|
| 041 |
0 |
|
|a slo
|
| 044 |
|
|
|a xo
|c SK
|
| 080 |
|
|
|a 730.071.1
|2 1997
|
| 080 |
|
|
|a 725.94
|2 1997
|
| 100 |
1 |
|
|a Pokorný, Karel,
|d 1891-1962
|4 aut
|9 148246
|
| 245 |
1 |
0 |
|a Pomník obetiam v Oseku
|c Pokorný
|
| 648 |
|
7 |
|a 1934
|2 snkbucl
|9 281683
|
| 650 |
0 |
7 |
|a české sochárstvo
|2 MM
|9 3045
|
| 650 |
0 |
7 |
|a pomníky
|2 MM
|9 3013
|
| 650 |
0 |
7 |
|a banské nešťastia
|2 MM
|9 97614
|
| 651 |
|
7 |
|a Osek (Česko)
|2 MM
|9 331321
|
| 655 |
|
7 |
|a reprodukcie výtvarných diel
|2 MM
|9 310790
|
| 773 |
0 |
|
|t Slovenský ľud
|g Roč. 14, č. 27-28 (4.7.1934), s. 367
|
| 852 |
|
|
|a SNK
|b KIS3GCP
|
| 910 |
|
|
|a snkrbvumm
|
| 958 |
|
|
|a VY
|
| 999 |
|
|
|c 1808046
|d 1809976
|